Ambedkar and his movement for social equality (Record no. 3946)

000 -LEADER
fixed length control field 00361pab a2200133 454500
008 - FIXED-LENGTH DATA ELEMENTS--GENERAL INFORMATION
fixed length control field 180718b1991 xxu||||| |||| 00| 0 eng d
100 ## - MAIN ENTRY--PERSONAL NAME
Personal name Mallick, Basanta Kumar
245 ## - TITLE STATEMENT
Title Ambedkar and his movement for social equality
260 ## - PUBLICATION, DISTRIBUTION, ETC.
Date of publication, distribution, etc. 1991
362 ## - DATES OF PUBLICATION AND/OR SEQUENTIAL DESIGNATION
Dates of publication and/or sequential designation 13 Apr.
650 ## - SUBJECT ADDED ENTRY--TOPICAL TERM
Topical term or geographic name entry element Ambedkar, B.R. - Criticism And INterpretation
773 ## - HOST ITEM ENTRY
Main entry heading Mainstream
909 ## -
-- 3946
Holdings
Withdrawn status Lost status Damaged status Not for loan Permanent Location Current Location Date acquired Serial Enumeration / chronology Barcode Date last seen Price effective from Koha item type
        Indian Institute of Public Administration Indian Institute of Public Administration 2018-07-19 Volume no: 29, Issue no: 25 AR3947 2018-07-19 2018-07-19 Articles

Powered by Koha